00712 2200253 4500001002100000005001500021035002000036007000300056008004100059245006100100300002900161700003500190264005000225336002100275337003000296338002300326040002200349082001200371084001200383090001400395650001700409850001200426990002000438INLIS00000000087196320220819093108 a0010-0822000568ta220819s1837 vp g p ger d04aHeine's buch der lieder /cpenyunting, Hanns Holzschuher axv, 302 halaman ;c18 cm1 aHolzschuher, HannsePenyunting31aLeipzig :b[Spamersche Buchdruckeri],c[1837] 2rdacontentateks 2rdamediaatanpa perantara 2rdacarrieravolume aYOPDYOGbinderda04223a831 a831 HEI aL 831 HEI 4aPuisi Jerman aYOPDYOG a68832-PD/A.2022